| 000 | 00909nam a2200277Ia 4500 | ||
|---|---|---|---|
| 005 | 20220316235636.0 | ||
| 008 | 121119s2003 sp a gr 000 j spa | ||
| 020 | _a8434857081 | ||
| 041 | 1 | _aspa | |
| 100 | 1 | _aWells, Rosemary | |
| 245 | 1 | 3 |
_aLa camiseta de Max _cRosemary Wells ; ilustraciones del autor ; traducción del inglés Isabel Cano |
| 250 | _aPrimera edición | ||
| 300 |
_a28 páginas _bilustraciones |
||
| 490 | 0 | _aEl barco de vapor : los piratas | |
| 650 | 1 | 4 |
_aCuentos infantiles estadounidenses _2LEMB |
| 650 | 1 | 4 |
_aLiteratura infantil _2LEMB |
| 650 | 1 | 4 |
_aAnimales _vCuentos y leyendas _2LEMB |
| 700 | 1 |
_aCano, Isabel _etraductor _939822 |
|
| 942 |
_2loc _cBKINF |
||
| 264 |
_aMadrid _bS. M. _c2003 |
||
| 336 |
_atexto _btxt _2rdacontent |
||
| 337 |
_asin mediación _bn _2rdamedia |
||
| 338 |
_avolumen _bnc _2rdacarrier |
||
| 040 |
_aCO-BoRNBP _bspa _erda _cCO-BoRNBP |
||
| 084 | _aC WEL2 | ||
| 999 |
_c1654 _d1654 |
||